000
00342 a2200157 4500
001
76019
020
_a
852940279
040
_c
Anchieta - Colégio São Paulo
100
_a
Braz, Emílio Júlio
240
1
0
_a
Lendas negras
_l
por
245
1
0
_a
Lendas negras
300
_a
40
362
0
_a
2004
650
4
_a
Literatura juvenil
942
_c
BK
999
_c
76019
_d
76019